000 00860 a2200217 4500
001 21712
005 20260407155508.0
008 260407a1982 arg spa d
003 AR-UNSa-BCEJYS
040 _aAR-UNSa-BCEJYS
_bspa
_cAR-UNSa-BCEJYS
080 _a347.72
_xSociedades comerciales
245 1 0 _aLey de sociedades comerciales
020 _a950-069-022-5
264 1 _aBuenos Aires :
_bAbaco
_c1982
300 _a2 v.
_c23 cm.
505 _aVol. 1: 1. Disposiciones generales - 2. De las sociedades en particular -- Vol. 2: 2. De las sociedades en particular - 3. De las disposiciones de aplicación y transitorias
942 _cBK
590 _aniveau_biblio:m niveau_hierar:0
100 1 _aNissen, Ricardo Augusto
856 4 1 _uhttps://biblioeco.unsa.edu.ar/pmb/images/libros/Ley de Sociedades Comerciales(Tomo1).jpg
_yImagen de portada
_qimage/jpeg
999 _c858
_d858